00780nam a22002297a 4500003000900000005001700009008003800026020001500064040002200079082001500101100002700116245006900143260004000212300002000252500002200272504002700294650004900321650005100370650004300421650003700464650004900501DO-SdBNP20171128155029.0150817s 1979 xxu spa d a0671330837 aBPMSUbspacBPMSU axxxxbxxxx1 aBooher, Dianna Daniels10aCoping... when your family falls apart /cDianna Daniels Booher  aNew York : bJulian Messner,c1979. a126 p :c22 cm. aIncluye índice. aBiografía p: 117-120 4aEDUCACIÓN CÍVICAxENSEÑANZA SECUNDARIA 4aEDUCACIÓN SECUNDARIAzREPÚBLICA DOMINICANA 4aEDUCACIÓN ÍVICA xLIBROS DE TEXTOS 4aCÍVICA xESTUDIOS Y EJERCICIOS 4aEDUCACIÓN CÍVICAxEDUCACIÓN SECUNDARIA